| 000 | 01512nam a2200349 i 4500 | ||
|---|---|---|---|
| 003 | DO-SdBNP | ||
| 005 | 20260321073645.0 | ||
| 007 | ta | ||
| 008 | 081126s2022 dr 001 0 spa d | ||
| 020 | _a 9789945587173 | ||
| 020 | _a | ||
| 040 |
_aDO-SdBNP _bspa _cBNPHU _erda |
||
| 041 | _aspa | ||
| 082 | 4 |
_a972.91 _bB742c 2022 _222 |
|
| 100 | 1 |
_a Bosch, Juan, _d1909-2001 _eautor _4aut. _976555 |
|
| 245 | 1 | 0 |
_aCuba, la isla fascinante / _cJuan Bosch |
| 250 | _a | ||
| 264 | 1 |
_aSanto Domingo : _bSoto Castillo, _c2022. |
|
| 300 |
_a344 páginas : _c23 cm. |
||
| 336 |
_atexto _btxt _2rdacontent |
||
| 337 |
_asin mediación _bn _2rdamedia |
||
| 338 |
_avolumen _bnc _2rdacarrier |
||
| 490 | 1 | _aBosch para todos ; | |
| 504 | _aBibliografía : páginas 344 | ||
| 505 | 0 |
_aEl escenario -- _tLa puerta luminosa -- _tLa violenta expansión de La Habana -- _tLa región de occidente: mar y luz y palmeras -- _tDe Jibacoa a las montañas orientales -- _gEl drama y los actores -- _tEl umbral de si misma -- _tLas guerras libertadoras -- _tLa lucha final -- _tLas altas voces del pueblo -- _gCarácter y producción -- _tApuntes de psicología nacional -- _tLa apoteosis del hedonismo -- _tLa aventura del tabaco -- _tLa azucarera del mundo -- _tReseña biográfica de Juan bosch. |
|
| 590 | _aInventariado, 2022/ YL | ||
| 651 | 4 |
_aCuba _xHistoria _9493 |
|
| 651 | 4 |
_aCuba _xCivilización _9494 |
|
| 651 | 4 |
_aCuba _xDescripciones y viajes _9495 |
|
| 910 | _aYLockward/Validado. Control de calidad MFF | ||
| 942 |
_2ddc _cLBS1 |
||
| 999 |
_c52932 _d52932 |
||